SRVÁTKA - ODPAD ALEBO HODNOTNÁ SUROVINA

Bibliographic Details
Main Author: Skanderby, M. (Author)
Format: Article
Language:Slovak

MARC

LEADER 00000nab a2200000 a 4500
001 vtls010717720
003 SK-MaSNL
005 20260304185832.0
008 250709s1999 xo |||||||||||||||||slo|
035 |a (urnnbn)urn:nbn:sk:snk:ar-a04ogk 
035 |a (uuid)b77bf400-448a-4548-8c76-1fa20dd22900 
035 |a urn:nbn:sk:snk-ab3jf8 
040 |a SNKBUCL  |b slo  |c SNKBUCL  |e AACR2 
041 0 |a slo 
044 |a xo  |c SK 
100 1 |a Skanderby, M.  |4 aut  |9 1520477 
245 1 0 |a SRVÁTKA - ODPAD ALEBO HODNOTNÁ SUROVINA  |c M. Skanderby 
773 0 |t Mliekarstvo : bulletin pre internú potrebu výrobcov a spracovateľov mlieka  |g Roč. 30, č. 3 (1999), s. 56-58 
850 |a Slovenská národná knižnica 
852 |a Slovenská národná knižnica 
954 |a odborná, vedecká literatúra cudzojazyčná (svetová)  |2 lita 
958 |a article1 
958 |a OND 
958 |a EUIPO 
999 |c 3046366  |d 3048296